000 00756nam a2200181Ia 4500
008 090124s9999 xx 000 0 und d
082 _b120968
100 _aअभ्यंकर कुसूम / अभ्यंकर रा.प. ( आर.पी.)
245 _a चौदाव्या मजल्यावरुन
250 _a1
260 _c1985
300 _a107
600 _aअभ्यंकर कुसूम / अभ्यंकर रा.प. ( आर.पी.)
630 _a चौदाव्या मजल्यावरुन
700 _aअभ्यंकर कुसूम / अभ्यंकर रा.प. ( आर.पी.)
730 _a चौदाव्या मजल्यावरुन
942 _cBOOK
999 _c167054
_d167054